000 nam a22 7a 4500
999 _c9034
_d9034
008 180122b ||||| |||| 00| 0 eng d
100 _95326
_aAHAMED.N
245 _aNATURE SAVE ENVIRONMENT -I,II,III,IV,V
260 _aNEW DELHI
_bMILE STONE
_c2015